[Event "KAUPTHING OPEN 2007 B"]
[Site "?"]
[Date "2007.07.11"]
[Round "6.15"]
[White "Meyer, Mylène"]
[Black "Solaroli, Riccardo"]
[Result "1/2-1/2"]
[WhiteElo "1720"]
[BlackElo "1929"]
[PlyCount "121"]
[EventDate "2007.07.18"]

1. d4 Nf6 2. Nf3 g6 3. Bf4 Bg7 4. e3 c5 5. c3 Qb6 6. Qc2 Nc6 7. a3 d5 8. dxc5
Qxc5 9. Nbd2 Bf5 10. Bd3 Bxd3 11. Qxd3 Nh5 12. Bg3 Nxg3 13. hxg3 e6 14. O-O O-O
15. Rac1 Rfd8 16. Qc2 Rac8 17. Rfd1 b5 18. Nb3 Qb6 19. Nbd4 Na5 20. Qe2 Nc4 21.
Rb1 a5 22. Nc2 Nd6 23. Nd2 Rc7 24. Nf3 Rdc8 25. Kh1 Ne4 26. Nfd4 Rc4 27. Kg1
Nc5 28. Nf3 Na6 29. Nfd4 b4 30. axb4 axb4 31. Nxb4 Nxb4 32. cxb4 Qxb4 33. b3
R4c5 34. Qd2 Qxd2 35. Rxd2 e5 36. Nf3 Rc1+ 37. Rd1 Rxb1 38. Rxb1 Rb8 39. Kf1
Kf8 40. Ke2 Ke7 41. Kd2 h5 42. Ke2 Ra8 43. Kf1 Ra2 44. Ng1 Kd6 45. b4 d4 46.
exd4 exd4 47. Ne2 d3 48. Nf4 d2 49. Nd3 Ra1 50. Rxa1 Bxa1 51. Ke2 Bc3 52. f3
Kc6 53. Nf2 f5 54. g4 hxg4 55. fxg4 Bxb4 56. gxf5 gxf5 57. g4 f4 58. Ne4 f3+
59. Kd1 Kd5 60. Nxd2 Bxd2 61. Kxd2 1/2-1/2

[Event "KAUPTHING OPEN 2007 B"]
[Site "?"]
[Date "2007.07.11"]
[Round "6.16"]
[White "Pletsch, Claude"]
[Black "Geschwindt, Gilbert"]
[Result "1-0"]
[WhiteElo "1903"]
[BlackElo "1649"]
[PlyCount "109"]
[EventDate "2007.07.18"]

1. e4 d5 2. exd5 Qxd5 3. Nc3 Qa5 4. Bc4 Bf5 5. Nf3 Nf6 6. d3 e6 7. O-O Nbd7 8.
Re1 c6 9. Nd4 Bg6 10. Bd2 Qb6 11. Nb3 Bh5 12. Qc1 Bb4 13. Na4 Bxd2 14. Qxd2 Qc7
15. Nbc5 Nxc5 16. Nxc5 O-O 17. Bxe6 fxe6 18. Nxe6 Qb6 19. Nxf8 Kxf8 20. b3 Ng4
21. Re2 Qc7 22. g3 Ne5 23. Rxe5 Qxe5 24. Re1 Qd5 25. f4 Bg4 26. Qf2 Qa5 27. a4
Qb6 28. Qxb6 axb6 29. Kg2 Kf7 30. h3 Be6 31. g4 Re8 32. Kg3 c5 33. f5 Bd7 34.
Rxe8 Bxe8 35. Kf4 Ke7 36. Ke5 Bc6 37. g5 Bf3 38. c3 Bd1 39. b4 Bxa4 40. d4 cxb4
41. cxb4 Bd7 42. h4 Be8 43. Kd5 Kd7 44. Ke5 Ke7 45. Kd5 Bf7+ 46. Ke5 Kd7 47. f6
gxf6+ 48. Kxf6 Bg6 49. Ke5 Kc6 50. Ke6 Kb5 51. d5 Kxb4 52. d6 Bh5 53. Ke7 Bg4
54. h5 Kc3 55. g6 1-0

[Event "KAUPTHING OPEN 2007 B"]
[Site "?"]
[Date "2007.07.11"]
[Round "6.17"]
[White "Marchal, Roger"]
[Black "Duenzel, Jonas"]
[Result "0-1"]
[WhiteElo "1682"]
[BlackElo "1900"]
[PlyCount "54"]
[EventDate "2007.07.18"]

1. c4 Nf6 2. g3 g6 3. Bg2 Bg7 4. Nf3 O-O 5. O-O d6 6. d4 c6 7. Nc3 Nbd7 8. e4
e5 9. Be3 Ng4 10. Bg5 f6 11. Bc1 Nh6 12. b3 Nf7 13. d5 c5 14. Qc2 Nb8 15. Re1
Na6 16. a3 f5 17. exf5 gxf5 18. Nh4 Qf6 19. Bb2 Nh8 20. Rab1 Ng6 21. Nxg6 Qxg6
22. f3 h5 23. Nd1 Bh6 24. Bc1 Bxc1 25. Rxc1 Kh8 26. Nf2 Nc7 27. Rf1 Ne8 0-1

[Event "KAUPTHING OPEN 2007 B"]
[Site "?"]
[Date "2007.07.11"]
[Round "6.18"]
[White "Marchal, Chantal"]
[Black "Schuster, Tom"]
[Result "1-0"]
[WhiteElo "1884"]
[BlackElo "1528"]
[PlyCount "53"]
[EventDate "2007.07.18"]

1. e4 d5 2. e5 Bf5 3. d4 Nc6 4. c3 e6 5. Nf3 h6 6. Bd3 Nge7 7. Nh4 Bxd3 8. Qxd3
Nc8 9. g3 Be7 10. Ng2 Nb6 11. b3 a6 12. Ba3 Na7 13. Bxe7 Qxe7 14. O-O c5 15.
Nd2 O-O 16. f4 Nc6 17. a3 Na5 18. f5 Rac8 19. f6 Qd8 20. fxg7 Kxg7 21. Rf6 Nd7
22. Rf2 Qg5 23. Nf4 Nc6 24. Nf3 Qd8 25. Nh5+ Kh8 26. Qe3 Kh7 27. Nh4 1-0

[Event "KAUPTHING OPEN 2007 B"]
[Site "?"]
[Date "2007.07.11"]
[Round "6.19"]
[White "Adami, Eric"]
[Black "Lockwood, William"]
[Result "1-0"]
[WhiteElo "1653"]
[BlackElo "1882"]
[PlyCount "132"]
[EventDate "2007.07.18"]

1. e4 Nf6 2. e5 Nd5 3. d4 d6 4. Bc4 Nb6 5. Bd3 g6 6. f4 Bg7 7. Be3 O-O 8. Qd2
c5 9. dxc5 dxc5 10. Qc3 Nd5 11. Qd2 Nxe3 12. Qxe3 Qb6 13. b3 Nc6 14. Nc3 Qa5
15. Qd2 Be6 16. Ne4 Nb4 17. Ke2 Qc7 18. Nf3 Rad8 19. Qc3 Nxd3 20. cxd3 b6 21.
d4 Bd5 22. Ned2 Qb7 23. dxc5 bxc5 24. Rhc1 f6 25. g3 fxe5 26. Nxe5 Be6 27. Rf1
Bg4+ 28. Ke1 Kh8 29. Rc1 Qd5 30. Qe3 Bh3 31. Rf3 Bc8 32. Rxc5 Qd6 33. Nec4 Qd7
34. Ne5 Qb7 35. Ndc4 Qb4+ 36. Nd2 Ba6 37. Qc3 Qb8 38. Re3 Qb7 39. Ndf3 Kg8 40.
Qc1 Rc8 41. Kf2 Qb4 42. Rec3 Rxc5 43. Rxc5 Bb7 44. Qc4+ Qxc4 45. Rxc4 Bd5 46.
Rc7 e6 47. Rxa7 g5 48. Ra4 gxf4 49. Rxf4 Rc8 50. Nc4 Bf8 51. Nfe5 Ra8 52. a4
Bg7 53. Nb6 Bxe5 54. Rg4+ Kf7 55. Nxa8 Bxa8 56. Ke3 Bd5 57. b4 Ke7 58. Rh4 Kd6
59. Rxh7 Bc3 60. b5 Bb3 61. b6 Kc6 62. b7 Be5 63. a5 Bc4 64. Ke4 Bc7 65. Kd4
Ba6 66. Rh6 Bxb7 1-0

[Event "KAUPTHING OPEN 2007 B"]
[Site "?"]
[Date "2007.07.11"]
[Round "6.20"]
[White "Poscic, Mark"]
[Black "Papini, Emmanuel"]
[Result "0-1"]
[WhiteElo "1592"]
[BlackElo "1866"]
[PlyCount "110"]
[EventDate "2007.07.18"]

1. e4 e6 2. d4 b6 3. c4 Bb7 4. e5 d5 5. Nf3 c5 6. Bg5 Be7 7. Bxe7 Nxe7 8. Nc3
a6 9. Qb3 dxc4 10. Qd1 cxd4 11. Nxd4 Qc7 12. Nf3 O-O 13. Qd6 Qxd6 14. exd6 Nf5
15. O-O-O Rd8 16. Ne5 b5 17. d7 f6 18. Nxc4 bxc4 19. Bxc4 Kf8 20. Bxe6 Ne7 21.
Na4 Bc6 22. Nb6 Ra7 23. Rhe1 Rb7 24. Nc8 Rc7 25. Kb1 Ng8 26. Bxg8 Kxg8 27. Ne7+
Kf7 28. Nc8 Rcxd7 29. Rxd7+ Rxd7 30. f3 Rd2 31. Rg1 Bb5 32. Kc1 Rd8 33. Na7 Be8
34. Rd1 Rxd1+ 35. Kxd1 Bd7 36. Kd2 Ke6 37. Kd3 Kd5 38. b4 Nc6 39. Nxc6 Bxc6 40.
f4 Bb5+ 41. Ke3 Kc4 42. g4 Kxb4 43. h4 Bc4 44. g5 fxg5 45. hxg5 Bxa2 46. f5 Bb1
47. f6 gxf6 48. gxf6 Bg6 49. Kd2 a5 50. Kc1 Kb3 51. f7 Bxf7 52. Kb1 h6 53. Kc1
h5 54. Kd1 a4 55. Kc1 h4 0-1

[Event "KAUPTHING OPEN 2007 B"]
[Site "?"]
[Date "2007.07.11"]
[Round "6.21"]
[White "Pietras, Ryszard"]
[Black "Kasparova, Eva"]
[Result "1-0"]
[WhiteElo "1800"]
[BlackElo "1400"]
[PlyCount "93"]
[EventDate "2007.07.18"]

1. e4 d6 2. d4 Nf6 3. Nc3 e5 4. d5 c6 5. Bg5 Be7 6. Bxf6 Bxf6 7. Nf3 O-O 8. Be2
Nd7 9. O-O Qa5 10. dxc6 bxc6 11. Qxd6 Rb8 12. Rab1 Qb6 13. Na4 Qb4 14. Qxb4
Rxb4 15. Nc3 Nc5 16. a3 Rb8 17. b4 Ne6 18. Rfd1 Re8 19. Bf1 Nd4 20. Nxd4 exd4
21. Ne2 Rxe4 22. f3 Re3 23. Nxd4 Bxd4 24. Rxd4 Bf5 25. Bd3 Bxd3 26. Rxd3 Rxd3
27. cxd3 Kf8 28. Re1 a5 29. Re4 Rb5 30. Kf2 axb4 31. Rxb4 Rd5 32. Ke3 Ke7 33.
Rb7+ Ke6 34. Ra7 h5 35. a4 h4 36. a5 g5 37. a6 Ra5 38. Ra8 Kf5 39. a7 f6 40.
g4+ hxg3 41. hxg3 Re5+ 42. Kd2 Ra5 43. d4 Ra3 44. Ke2 Ra2+ 45. Kd3 Ra5 46. Kc4
Rb5 47. Rb8 1-0

[Event "KAUPTHING OPEN 2007 B"]
[Site "?"]
[Date "2007.07.11"]
[Round "6.22"]
[White "Ludewig, Robert"]
[Black "Salentiny, Eric"]
[Result "1/2-1/2"]
[WhiteElo "1910"]
[BlackElo "1708"]
[PlyCount "99"]
[EventDate "2007.07.18"]

1. f4 d5 2. Nf3 Nc6 3. e3 g6 4. Bb5 Bd7 5. Bxc6 Bxc6 6. O-O Bg7 7. c3 Nf6 8. d3
e6 9. Nbd2 Qe7 10. Ne5 Bd7 11. Ndf3 h6 12. Bd2 Nh7 13. Qe2 O-O-O 14. a4 Be8 15.
d4 f6 16. Nd3 g5 17. Nc5 g4 18. Ne1 f5 19. b4 Nf6 20. Ned3 Bh5 21. g3 b6 22.
Ne5 Rd6 23. Qa6+ Kd8 24. Nb7+ Ke8 25. Nxd6+ cxd6 26. Qc8+ Qd8 27. Qxd8+ Kxd8
28. Nc6+ Kd7 29. b5 Ne4 30. Rfd1 a5 31. Rac1 Bf7 32. Be1 h5 33. Rc2 Bf6 34.
Rdc1 Rg8 35. c4 h4 36. cxd5 exd5 37. Kg2 hxg3 38. hxg3 Ra8 39. Bf2 Bg6 40. Rh1
Bg7 41. Rhc1 Bf6 42. Be1 Be8 43. Nxa5 Bd8 44. Nb7 Rxa4 45. Nxd8 Kxd8 46. Rc8+
Ke7 47. Rb8 Ra2+ 48. Kf1 Bxb5+ 49. Kg1 Re2 50. Rxb6 1/2-1/2

[Event "KAUPTHING OPEN 2007 B"]
[Site "?"]
[Date "2007.07.11"]
[Round "6.23"]
[White "Caquard, Frederic"]
[Black "Pinheiro, Philippe"]
[Result "1-0"]
[WhiteElo "1881"]
[BlackElo "1540"]
[PlyCount "61"]
[EventDate "2007.07.18"]

1. e4 c5 2. d4 cxd4 3. c3 dxc3 4. Nxc3 Nc6 5. Nf3 d6 6. Bc4 e6 7. O-O Nf6 8.
Qe2 Be7 9. Rd1 Qa5 10. Nb5 Nxe4 11. Qxe4 d5 12. Bxd5 Qxb5 13. Bc4 Qh5 14. Bf4
Qf5 15. Qe3 O-O 16. Bd6 Bxd6 17. Rxd6 Qc2 18. Bd3 Qxb2 19. Rb1 Qxa2 20. Ng5 g6
21. Qh3 h5 22. Qg3 Ne7 23. Rd1 Nf5 24. Bxf5 exf5 25. R1d2 Qc4 26. R2d4 Qc1+ 27.
Rd1 Qb2 28. Nxf7 Kxf7 29. Qxg6+ Ke7 30. Re1+ Be6 31. Qxe6# 1-0

[Event "KAUPTHING OPEN 2007 B"]
[Site "?"]
[Date "2007.07.11"]
[Round "6.24"]
[White "Thiebaux, Jean-Claude"]
[Black "Jouanny, Sebastien"]
[Result "0-1"]
[WhiteElo "1836"]
[BlackElo "1681"]
[PlyCount "79"]
[EventDate "2007.07.18"]

1. e4 d6 2. d4 Nf6 3. Nc3 e5 4. Nf3 Nbd7 5. Bb5 c6 6. Be2 Be7 7. O-O O-O 8. h3
b5 9. a3 Bb7 10. b4 a5 11. Bb2 Qc7 12. dxe5 dxe5 13. Bd3 axb4 14. axb4 Bxb4 15.
Ne2 Rfe8 16. Ng3 g6 17. h4 Rad8 18. h5 Bd6 19. Nh2 Nc5 20. hxg6 hxg6 21. Ng4
Nxg4 22. Qxg4 Bc8 23. Qg5 Qe7 24. Qe3 Nxd3 25. cxd3 Bc5 26. Qf3 f6 27. Bc1 Bd4
28. Rb1 Be6 29. Bh6 Rd7 30. Be3 Qg7 31. Bxd4 Rxd4 32. Rfc1 Rc8 33. Rc5 Qd7 34.
Rbc1 Rd6 35. Ne2 Kg7 36. Nc3 Rxd3 37. Nd5 cxd5 38. Rxc8 Rxf3 39. R8c7 Qxc7 40.
Rxc7+ 0-1

[Event "KAUPTHING OPEN 2007 B"]
[Site "?"]
[Date "2007.07.11"]
[Round "6.25"]
[White "Ferri, Doriano"]
[Black "Scholtes, Théo"]
[Result "1/2-1/2"]
[WhiteElo "1646"]
[BlackElo "1765"]
[PlyCount "68"]
[EventDate "2007.07.18"]

1. d4 Nf6 2. c4 d5 3. Nf3 c6 4. e3 Bg4 5. Nbd2 e6 6. a3 Nbd7 7. Be2 Be7 8. O-O
Qc7 9. Qc2 Bf5 10. Bd3 Bg6 11. Re1 Bd6 12. c5 Be7 13. b4 e5 14. dxe5 Bxd3 15.
Qxd3 Nxe5 16. Qd4 Nxf3+ 17. Nxf3 Ne4 18. Qd3 Bf6 19. Ra2 Qe7 20. Nd2 O-O 21.
Nxe4 dxe4 22. Qc4 Rad8 23. Bb2 Bxb2 24. Rxb2 Rd3 25. a4 Qe5 26. Ra2 Rfd8 27. g3
Rc3 28. Qe2 Qd5 29. Raa1 Rd3 30. Kg2 g6 31. Rab1 Rd2 32. Qg4 Qa2 33. Rf1 f5 34.
Qg5 Qxa4 1/2-1/2

[Event "KAUPTHING OPEN 2007 B"]
[Site "?"]
[Date "2007.07.11"]
[Round "6.26"]
[White "Steffen, Robert"]
[Black "Scheerer, Daniel"]
[Result "1-0"]
[WhiteElo "1552"]
[BlackElo "1716"]
[PlyCount "63"]
[EventDate "2007.07.18"]

1. e4 c5 2. Nf3 e6 3. d4 cxd4 4. Nxd4 Nf6 5. Nc3 Nc6 6. Be2 Bb4 7. O-O Bxc3 8.
bxc3 Nxe4 9. Nb5 O-O 10. Ba3 Re8 11. Qd3 d5 12. f3 Qb6+ 13. Kh1 Nf6 14. Rab1
Rd8 15. Rfd1 Rd7 16. Qd2 Qd8 17. Qg5 a6 18. Nd4 Nxd4 19. Rxd4 Qc7 20. Bb2 e5
21. Rh4 Qd8 22. Bd3 Re7 23. c4 d4 24. Bxh7+ Kf8 25. Ba3 Be6 26. Rxb7 Qa5 27.
Bxe7+ Ke8 28. Qc1 Bc8 29. Bb4 Qxa2 30. Re7+ Kd8 31. Be4 Qxc4 32. Rh8+ 1-0

[Event "KAUPTHING OPEN 2007 B"]
[Site "?"]
[Date "2007.07.11"]
[Round "6.27"]
[White "Meisch, Jean-Paul"]
[Black "Korman, Ewgenija"]
[Result "0-1"]
[WhiteElo "1456"]
[BlackElo "1661"]
[PlyCount "75"]
[EventDate "2007.07.18"]

1. e4 c6 2. Nf3 d5 3. exd5 cxd5 4. d4 Bg4 5. Be2 e6 6. O-O Nf6 7. Ne5 Bxe2 8.
Qxe2 Qb6 9. c3 Be7 10. Nd2 Nc6 11. Ng4 Bd6 12. Qf3 Nxg4 13. Qxg4 g6 14. Nb3
O-O-O 15. Bf4 Be7 16. Rfb1 h5 17. Qf3 Rdf8 18. Qe3 Qd8 19. f3 h4 20. h3 g5 21.
Bh2 Rfg8 22. Kh1 Rg6 23. Re1 Bd6 24. Bxd6 Qxd6 25. Qg1 Rhg8 26. Qh2 Qd8 27. Qg1
Ne7 28. Nc1 f5 29. Re5 g4 30. fxg4 fxg4 31. Qf2 Nf5 32. Ne2 gxh3 33. gxh3 Ng3+
34. Nxg3 hxg3 35. Qg2 Rh8 36. Rf1 Qh4 37. Kg1 Qxh3 38. Re2 0-1

[Event "KAUPTHING OPEN 2007 B"]
[Site "?"]
[Date "2007.07.11"]
[Round "6.28"]
[White "Boyarchenko, Alexander Sr"]
[Black "Mahan, James Robert"]
[Result "0-1"]
[WhiteElo "1544"]
[BlackElo "1514"]
[PlyCount "71"]
[EventDate "2007.07.18"]

1. d4 Nf6 2. c4 e6 3. Nf3 d5 4. Bf4 Bb4+ 5. Nbd2 O-O 6. a3 Bd6 7. Bg5 h6 8. Bh4
g5 9. Bg3 Bxg3 10. hxg3 Kg7 11. e3 Nc6 12. Qc2 Rh8 13. Bd3 Bd7 14. c5 Qe7 15.
b4 a6 16. Be2 e5 17. Qb2 e4 18. Nh2 g4 19. O-O-O h5 20. Rdf1 h4 21. f3 gxf3 22.
Nhxf3 exf3 23. Rxf3 Bg4 24. Rf4 Bxe2 25. Nf1 Bxf1 26. Rhxf1 Qxe3+ 27. Kb1 Rh6
28. g4 Rg6 29. g5 Qd3+ 30. Ka1 Ne4 31. Rxf7+ Kg8 32. g4 Qxd4 33. Rxc7 Qxb2+ 34.
Kxb2 Rg7 35. Rh1 Rxc7 36. Rxh4 0-1

[Event "KAUPTHING OPEN 2007 B"]
[Site "?"]
[Date "2007.07.11"]
[Round "6.29"]
[White "Fadil, Hicham"]
[Black "Hoefer, Michael"]
[Result "1-0"]
[WhiteElo "1769"]
[BlackElo "1423"]
[PlyCount "43"]
[EventDate "2007.07.18"]

1. e4 c5 2. b4 b6 3. bxc5 bxc5 4. Nf3 Bb7 5. Nc3 Nf6 6. e5 Nd5 7. Bb2 Nf4 8. g3
Ng6 9. Qe2 Nc6 10. Ne4 Nb4 11. d4 Qa5 12. c3 cxd4 13. cxb4 d3 14. Qxd3 Qxb4+
15. Nc3 Rb8 16. O-O-O d6 17. Qb5+ Qxb5 18. Bxb5+ Kd8 19. Be2 Nxe5 20. Nxe5 Bxh1
21. Nxf7+ Kc7 22. Nxh8 1-0

[Event "KAUPTHING OPEN 2007 B"]
[Site "?"]
[Date "2007.07.11"]
[Round "6.30"]
[White "Kessler, Lucien"]
[Black "Cressa, Luca"]
[Result "1-0"]
[WhiteElo "1553"]
[BlackElo "1250"]
[PlyCount "53"]
[EventDate "2007.07.18"]

1. e4 e5 2. Nf3 Nc6 3. d4 d5 4. Nc3 Nf6 5. dxe5 Ng4 6. Bb5 Bc5 7. O-O Bd7 8.
Qxd5 Bxf2+ 9. Rxf2 Nxf2 10. Kxf2 Nb4 11. Qb3 c5 12. Bf4 a6 13. Bxd7+ Qxd7 14.
Rd1 Qe6 15. Nd5 O-O-O 16. a3 Nxd5 17. exd5 Qg6 18. d6 Qe4 19. Be3 f6 20. e6 f5
21. Bxc5 Qc6 22. d7+ Kc7 23. Bd6+ Qxd6 24. Rxd6 Kxd6 25. Nd4 f4 26. Nf5+ Kc7
27. Qd5 1-0

[Event "KAUPTHING OPEN 2007 B"]
[Site "?"]
[Date "2007.07.11"]
[Round "6.31"]
[White "Clement, Marc"]
[Black "Wolff, Chris"]
[Result "1-0"]
[WhiteElo "1432"]
[BlackElo "1200"]
[PlyCount "53"]
[EventDate "2007.07.18"]

1. e4 e5 2. Nf3 d6 3. Bc4 Nf6 4. d3 d5 5. exd5 Nxd5 6. Nxe5 Be6 7. O-O Bd6 8.
Nf3 O-O 9. Re1 Qf6 10. c3 Qg6 11. Bb3 Bh3 12. Ng5 Bf4 13. Nxh3 Qh6 14. Nxf4
Nxf4 15. Bxf4 Qxf4 16. Re4 Qf6 17. Bc2 Nc6 18. Nd2 Rae8 19. d4 Re7 20. Qg4 Rfe8
21. Rae1 Qg6 22. Qh3 f5 23. Rxe7 Nxe7 24. Qe3 Qf7 25. Bb3 Nd5 26. Bxd5 Qxd5 27.
Qxe8# 1-0

[Event "KAUPTHING OPEN 2007 B"]
[Site "?"]
[Date "2007.07.11"]
[Round "6.32"]
[White "Berchem Lux, Stéphane"]
[Black "Gambucci, Daniela"]
[Result "0-1"]
[WhiteElo "1200"]
[BlackElo "1377"]
[PlyCount "98"]
[EventDate "2007.07.18"]

1. e4 c6 2. Nf3 d5 3. Nc3 dxe4 4. Nxe4 Nf6 5. Nxf6+ exf6 6. d4 Bg4 7. Be2 Bxf3
8. Bxf3 Be7 9. O-O Nd7 10. d5 Ne5 11. Be4 Rc8 12. dxc6 Nxc6 13. Bxc6+ Rxc6 14.
Qxd8+ Bxd8 15. Re1+ Re6 16. Bd2 O-O 17. Re3 Rfe8 18. Rae1 Bb6 19. Rxe6 fxe6 20.
Be3 Bxe3 21. Rxe3 e5 22. f3 Rd8 23. c3 Rd2 24. b4 Rxa2 25. Rd3 b6 26. Rd8+ Kf7
27. Rd7+ Kg6 28. g4 Ra3 29. Rc7 a5 30. bxa5 bxa5 31. h4 h6 32. Kg2 Ra2+ 33. Kg3
a4 34. Rc4 a3 35. Ra4 Ra1 36. Kg2 Ra2+ 37. Kg3 h5 38. Kh3 Ra1 39. Kg2 a2 40. g5
Kf5 41. Ra7 fxg5 42. hxg5 g6 43. Ra5 Kf4 44. c4 e4 45. fxe4 Kxe4 46. c5 Kd5 47.
Kf3 Kc6 48. Ke2 Rg1 49. Rxa2 Rxg5 0-1

[Event "KAUPTHING OPEN 2007 B"]
[Site "?"]
[Date "2007.07.11"]
[Round "6.33"]
[White "Yanovska, Violeta"]
[Black "Dording, Fränz"]
[Result "0-1"]
[WhiteElo "1200"]
[BlackElo "1251"]
[PlyCount "52"]
[EventDate "2007.07.18"]

1. e4 e5 2. Nf3 Nf6 3. Bc4 h6 4. Nxe5 Nxe4 5. Nxf7 Qf6 6. O-O Rh7 7. Nc3 Nxc3
8. dxc3 g6 9. Qe2+ Be7 10. Re1 Rxf7 11. Bxf7+ Qxf7 12. Be3 Nc6 13. Bc5 d6 14.
Qe3 dxc5 15. Qxc5 Bd7 16. Re2 Be6 17. Qe3 Bc4 18. Ree1 O-O-O 19. b3 Ba6 20. c4
b6 21. Re2 Bc5 22. Qe4 Qe8 23. Qf3 Nd4 24. Qd3 Nxe2+ 25. Kf1 Rxd3 26. Re1 Rd2
0-1

[Event "KAUPTHING OPEN 2007 B"]
[Site "?"]
[Date "2007.07.11"]
[Round "6.34"]
[White "Blond Hanten, Elsa"]
[Black "Jagiello, Robert"]
[Result "0-1"]
[WhiteElo "1200"]
[BlackElo "1292"]
[PlyCount "38"]
[EventDate "2007.07.18"]

1. e4 e5 2. Bb5 Nf6 3. Nf3 Nxe4 4. d3 Nd6 5. Ba4 b5 6. Bb3 Nc6 7. O-O Nf5 8.
Nc3 Ncd4 9. Be3 Bc5 10. Bg5 Be7 11. Be3 d6 12. Bxd4 Nxd4 13. Nxd4 exd4 14. Nxb5
c5 15. c3 Qd7 16. Na3 dxc3 17. bxc3 Bb7 18. d4 Qc6 19. dxc5 Qxg2# 0-1

[Event "KAUPTHING OPEN 2007 B"]
[Site "?"]
[Date "2007.07.12"]
[Round "7.1"]
[White "Morozova, Julia"]
[Black "Bakalarz, Leszek"]
[Result "1-0"]
[WhiteElo "2073"]
[BlackElo "2105"]
[PlyCount "70"]
[EventDate "2007.07.18"]

1. d4 Nf6 2. c4 c5 3. d5 e6 4. Nc3 exd5 5. cxd5 d6 6. e4 g6 7. f4 Bg7 8. Bb5+
Nfd7 9. a4 O-O 10. Nf3 Re8 11. O-O Na6 12. Re1 Nc7 13. Bc4 a6 14. e5 dxe5 15.
d6 Ne6 16. fxe5 Nb6 17. Bf1 Bd7 18. a5 Nc8 19. Ne4 h6 20. Be3 Na7 21. Nxc5 Nc6
22. Nxe6 Rxe6 23. Bc4 Nxa5 24. Bxe6 Bxe6 25. Nd4 Bd7 26. Qd3 Nc6 27. e6 fxe6
28. Nxc6 Bxc6 29. Qxg6 Qxd6 30. Rad1 Qe7 31. Bxh6 Qf7 32. Qxg7+ Qxg7 33. Bxg7
Kxg7 34. Rxe6 Kf7 35. Re3 Kg8 1-0

[Event "KAUPTHING OPEN 2007 B"]
[Site "?"]
[Date "2007.07.12"]
[Round "7.2"]
[White "Lobzhanidze, Anna"]
[Black "Schartz, Alain"]
[Result "1/2-1/2"]
[WhiteElo "2086"]
[BlackElo "2199"]
[PlyCount "36"]
[EventDate "2007.07.18"]

1. e4 c5 2. Nf3 Nc6 3. d4 cxd4 4. Nxd4 Qb6 5. Nb3 Nf6 6. Nc3 e6 7. Be3 Qc7 8.
f3 a6 9. Qd2 Bb4 10. a3 Be7 11. Be2 b5 12. Rd1 O-O 13. O-O Rd8 14. Bf4 Qa7+ 15.
Qe3 Qxe3+ 16. Bxe3 d6 17. f4 Bb7 18. Bf3 Nd7 1/2-1/2

[Event "KAUPTHING OPEN 2007 B"]
[Site "?"]
[Date "2007.07.12"]
[Round "7.3"]
[White "Nguyen-Huu, Hoang"]
[Black "Vignale, Stéphane"]
[Result "1/2-1/2"]
[WhiteElo "2103"]
[BlackElo "2086"]
[PlyCount "74"]
[EventDate "2007.07.18"]

1. c3 d5 2. Qc2 Nf6 3. d3 c5 4. e4 e6 5. Nf3 Nc6 6. Be2 Be7 7. O-O O-O 8. h3
Qc7 9. Re1 b6 10. Nbd2 Ba6 11. Bf1 Rac8 12. a3 Rfd8 13. exd5 Rxd5 14. Nc4 Rcd8
15. Bd2 b5 16. Ne3 R5d7 17. Rad1 Bb7 18. Bc1 a5 19. Be2 Ne5 20. Nxe5 Qxe5 21.
Ng4 Qf5 22. Ne3 Qg6 23. Bf1 Nd5 24. d4 Nxe3 25. Qxg6 hxg6 26. Bxe3 cxd4 27.
Bxd4 b4 28. axb4 axb4 29. Ra1 bxc3 30. Bxc3 Bf6 31. Bb5 Rd5 32. Ba6 Bxc3 33.
bxc3 Bxa6 34. Rxa6 Rc8 35. Rc1 Rd3 36. Ra3 e5 37. Rf1 e4 1/2-1/2

[Event "KAUPTHING OPEN 2007 B"]
[Site "?"]
[Date "2007.07.12"]
[Round "7.4"]
[White "Schweitzer, Marc"]
[Black "Roitzsch, Philippe"]
[Result "1-0"]
[WhiteElo "1912"]
[BlackElo "1874"]
[PlyCount "51"]
[EventDate "2007.07.18"]

1. d4 Nf6 2. c4 e6 3. Nc3 Bb4 4. Qc2 c5 5. e3 Nc6 6. Nf3 O-O 7. a3 Bxc3+ 8.
Qxc3 d6 9. Be2 Qc7 10. O-O b6 11. Rd1 Bb7 12. b3 Ne4 13. Qc2 f5 14. Bb2 a5 15.
Bd3 Ne7 16. Nd2 Nf6 17. f3 d5 18. Re1 Rac8 19. Rac1 Nc6 20. dxc5 d4 21. exd4
Qd7 22. d5 exd5 23. Bxf5 Qd8 24. Bxc8 Bxc8 25. cxd5 Nxd5 26. cxb6 1-0

[Event "KAUPTHING OPEN 2007 B"]
[Site "?"]
[Date "2007.07.12"]
[Round "7.5"]
[White "Carrillo, Jesus"]
[Black "Ortartchiev, Gadji"]
[Result "1-0"]
[WhiteElo "2174"]
[BlackElo "1992"]
[PlyCount "81"]
[EventDate "2007.07.18"]

1. e4 c5 2. Nf3 d6 3. d4 cxd4 4. Nxd4 Nf6 5. Nc3 g6 6. Bc4 Bg7 7. Bb3 O-O 8. f3
Nc6 9. Be3 Bd7 10. Qd2 Rc8 11. h4 Ne5 12. O-O-O h5 13. Bg5 Rc5 14. g4 hxg4 15.
f4 Nc4 16. Qe2 Qc8 17. Bxf6 exf6 18. h5 Re8 19. hxg6 fxg6 20. Ncb5 Be6 21. Nxa7
Qb8 22. Nab5 f5 23. exf5 gxf5 24. Qf2 Rxb5 25. Nxb5 Bxb2+ 26. Kb1 Bg7 27. c3
Qd8 28. Rhe1 Bf7 29. Nd4 Rxe1 30. Qxe1 Qa5 31. Rc1 Qd5 32. Qe2 b5 33. Qd3 Qg2
34. Qe2 Qd5 35. Qd3 Qg2 36. Nc2 d5 37. Bxc4 dxc4 38. Qxf5 Bxc3 39. Qg5+ Kf8 40.
Rd1 Bd2 41. Qd8+ 1-0

[Event "KAUPTHING OPEN 2007 B"]
[Site "?"]
[Date "2007.07.12"]
[Round "7.6"]
[White "Berens, Thomas"]
[Black "Nikolaeva, Maria"]
[Result "0-1"]
[WhiteElo "2032"]
[BlackElo "2091"]
[PlyCount "80"]
[EventDate "2007.07.18"]

1. d4 g6 2. c4 Bg7 3. Nc3 c5 4. Nf3 cxd4 5. Nxd4 Nc6 6. Nc2 Nf6 7. e4 d6 8. Be2
Be6 9. Rb1 O-O 10. O-O Rc8 11. b3 a5 12. Bb2 a4 13. Ne3 axb3 14. axb3 Na5 15.
Bf3 Nd7 16. Ned5 Nc6 17. Qd2 Nc5 18. Ba1 Nd4 19. Bd1 Ra8 20. b4 Rxa1 21. Rxa1
Ndb3 22. Bxb3 Nxb3 23. Qd3 Nxa1 24. Rxa1 Bxd5 25. cxd5 Qb6 26. Rb1 Bd4 27. Nd1
Rc8 28. g3 Bf6 29. Kg2 Kg7 30. Rb3 Ra8 31. Ra3 Rxa3 32. Qxa3 Qd4 33. Ne3 Qxe4+
34. Kh3 Bd4 35. Qb3 Bxe3 36. fxe3 Qf3 37. Qc3+ f6 38. Qd4 Qf1+ 39. Kh4 g5+ 40.
Kg4 h5+ 0-1

[Event "KAUPTHING OPEN 2007 B"]
[Site "?"]
[Date "2007.07.12"]
[Round "7.7"]
[White "Henrichs, Wenke"]
[Black "Bakalarz, Grazyna"]
[Result "1-0"]
[WhiteElo "2079"]
[BlackElo "2060"]
[PlyCount "63"]
[EventDate "2007.07.18"]

1. d4 Nf6 2. Nf3 g6 3. Nc3 d5 4. Bf4 c6 5. Qd2 Nbd7 6. Ne5 Ne4 7. Nxe4 dxe4 8.
e3 Bg7 9. Nxd7 Bxd7 10. Be2 Qb6 11. c3 h5 12. h3 a5 13. O-O O-O 14. Qc2 f5 15.
Qb3+ Qxb3 16. axb3 b5 17. Rfd1 Rfc8 18. c4 Bf6 19. Ra2 Ra7 20. b4 Rca8 21. Rda1
a4 22. b3 axb3 23. Rxa7 Rxa7 24. Rb1 Ra2 25. Bf1 b2 26. f3 exf3 27. gxf3 Be6
28. cxb5 cxb5 29. Bxb5 Ra1 30. Bd3 Ba2 31. Rf1 Bc4 32. Bxc4+ 1-0

[Event "KAUPTHING OPEN 2007 B"]
[Site "?"]
[Date "2007.07.12"]
[Round "7.8"]
[White "Weller, Werner"]
[Black "Hoefer, Ulrich"]
[Result "0-1"]
[WhiteElo "1967"]
[BlackElo "1940"]
[PlyCount "59"]
[EventDate "2007.07.18"]

1. d4 Nf6 2. Nf3 e6 3. c4 d5 4. e3 c6 5. Nc3 Nbd7 6. Bd2 Bb4 7. a3 Bxc3 8. Bxc3
Ne4 9. Rc1 O-O 10. Bd3 f5 11. Qc2 g5 12. O-O g4 13. Nd2 Qh4 14. g3 Qh5 15. f4
Rf6 16. Nxe4 fxe4 17. Be2 Qg6 18. Rf2 h5 19. c5 Qh7 20. Kg2 Rh6 21. Kh1 Nf6 22.
Qd1 Bd7 23. b4 Kf7 24. a4 Rg8 25. Rc2 h4 26. gxh4 Rxh4 27. Bf1 g3 28. Rg2 Ng4
29. Qe2 Nxh2 30. Rxh2 0-1

[Event "KAUPTHING OPEN 2007 B"]
[Site "?"]
[Date "2007.07.12"]
[Round "7.9"]
[White "Marchal, Chantal"]
[Black "Dubois, Martine"]
[Result "0-1"]
[WhiteElo "1884"]
[BlackElo "2073"]
[PlyCount "51"]
[EventDate "2007.07.18"]

1. e4 Nf6 2. e5 Nd5 3. d4 d6 4. exd6 Qxd6 5. c4 Nf6 6. Nc3 Bg4 7. Be2 Bxe2 8.
Ngxe2 Qc6 9. Qa4 Qxa4 10. Nxa4 e6 11. O-O Nc6 12. Bf4 O-O-O 13. Rfd1 Bd6 14.
Be3 Ng4 15. h3 Nxe3 16. fxe3 f5 17. Nac3 e5 18. Nb5 Be7 19. d5 Nb4 20. Rac1 Bc5
21. Ned4 exd4 22. exd4 c6 23. dxc6 bxc6 24. dxc5 cxb5 25. a3 Nd3 26. Rc2 0-1